Premier mot - Rap français - Statistiques

Statistiques générales
  • Ce quiz a été pris 111 fois
  • Le résultat moyen est 4 sur 12
Statistiques - réponses
Morceau Premier Mot % Correct
DA - PNL Ma
55%
Meuda - Tiakola On
54%
Demain - PLK Putain
48%
Bolide allemand - SDM Volume
46%
Putana - Ninho Putana
43%
Life - Hamza J'
42%
Médicament - Niska Bye
36%
Laboratoire - Werenoi Carré
36%
RAPPEL - Gazo D'
34%
Helsinki - Dinos T'
10%
Bénéfice - SCH Adolescence
6%
Abdomen - Jok'air Jok'air
4%
Aucun quiz correspondant
Distribution des résultats
% des personnes avec chaque résultat
Percentile par nombre de réponses
Votre historique - résultats
Vous n’avez pas pris ce quiz